UBT Library

Strabismus; its etiology and treatment. (Record no. 39327)

000 -LEADER
fixed length control field 00560cam a22002291 4500
001 - CONTROL NUMBER
control field 9675863
005 - DATE AND TIME OF LATEST TRANSACTION
control field 20171222070017.0
008 - FIXED-LENGTH DATA ELEMENTS--GENERAL INFORMATION
fixed length control field 811121s1927 xx a 000 0 eng
010 ## - LIBRARY OF CONGRESS CONTROL NUMBER
LC control number 27024283
035 ## - SYSTEM CONTROL NUMBER
System control number (OCoLC)14745155
040 ## - CATALOGING SOURCE
Original cataloging agency DLC
Transcribing agency DNLM
Modifying agency NNSU-OP
-- DLC
041 ## - LANGUAGE CODE
Language code of text/sound track or separate title eng
042 ## - AUTHENTICATION CODE
Authentication code premarc
060 0# - NATIONAL LIBRARY OF MEDICINE CALL NUMBER
Classification number WW 415
Item number W687s 1927
080 ## - UNIVERSAL DECIMAL CLASSIFICATION NUMBER
Universal Decimal Classification number 617 WIL
082 ## - DEWEY DECIMAL CLASSIFICATION NUMBER
Classification number 617 WIL
100 1# - Rafti
Rafti 8
101 ## - Shkurtesa
Shkurtesa OFT
245 10 - TITLE STATEMENT
Title Strabismus; its etiology and treatment.
906 ## - LOCAL DATA ELEMENT F, LDF (RLIN)
a 7
b cbc
c oclcrpl
d u
e ncip
f 19
g y-gencatlg
942 ## - ADDED ENTRY ELEMENTS (KOHA)
Source of classification or shelving scheme
Item type Books
Holdings
Withdrawn status Lost status Source of classification or shelving scheme Damaged status Not for loan Collection code Permanent location Current location Shelving location Date acquired Total Checkouts Full call number Barcode Date last seen Price effective from Koha item type
          Koleksioni i përgjithshem UBT - Lipjan UBT - Lipjan Koleksioni i përgjithshem 12/22/2017   617 WIL 002-2939920 12/22/2017 12/22/2017 Books
UBT Library © 2015-2024. All rights reserved University Education for Business and Technology